হিসাবশাস্ত্র = [Accountancy] / (Record no. 65585)
[ view plain ]
| 000 -LEADER | |
|---|---|
| fixed length control field | 01151nam a2200253 a 4500 |
| 001 - CONTROL NUMBER | |
| control field | 65585 |
| 003 - CONTROL NUMBER IDENTIFIER | |
| rucl marc code | BD-RjUL |
| 005 - DATE AND TIME OF LATEST TRANSACTION | |
| control field | 20211209081437.0 |
| 008 - FIXED-LENGTH DATA ELEMENTS--GENERAL INFORMATION | |
| fixed length control field | 170308s1982 ii a|||| |||| 001 0 ben d |
| 035 ## - SYSTEM CONTROL NUMBER | |
| System control number | (BD-RjUL)65715 |
| 040 ## - CATALOGING SOURCE | |
| Original cataloging agency | BD-RjUL |
| Language of cataloging | ben |
| Transcribing agency | BD-RjUL |
| Modifying agency | BD-RjUL |
| 041 ## - LANGUAGE CODE | |
| Language code of text/sound track or separate title | ben |
| 082 ## - DEWEY DECIMAL CLASSIFICATION NUMBER | |
| Edition number | 23 |
| Classification number | 657 |
| Author mark and year | BHH 1982 |
| 100 ## - MAIN ENTRY--PERSONAL NAME | |
| Personal name | ভট্রাচার্য, সুধাংশুশেখর |
| 9 (RLIN) | 194053 |
| 245 10 - TITLE STATEMENT | |
| Title | হিসাবশাস্ত্র = [Accountancy] / |
| Statement of responsibility, etc. | সুধাংশুশেখর ভট্রাচার্য |
| 250 ## - EDITION STATEMENT | |
| Edition statement | ৩য় সং. (পরিমা. ও পরিব.) |
| 260 ## - PUBLICATION, DISTRIBUTION, ETC. (IMPRINT) | |
| Place of publication, distribution, etc. | কলিকাতা : |
| Name of publisher, distributor, etc. | ইন্ডিয়ান প্রোগ্রেসিভ পাবলিশিং কোং. প্রা. লি., |
| Date of publication, distribution, etc. | ১৯৮২. |
| 300 ## - PHYSICAL DESCRIPTION | |
| Pagination | খণ্ড. : |
| Illustrations | চিত্র ; |
| Size | ২৪ সেমি. |
| 500 ## - GENERAL NOTE | |
| General note | নির্ঘন্ট সংযুক্ত |
| 505 ## - FORMATTED CONTENTS NOTE | |
| Formatted contents note | খণ্ড.-১ -- (Compulsory Accountancy).-- খণ্ড.-২--(Advanced Accountancy ). |
| 650 ## - SUBJECT ADDED ENTRY--TOPICAL TERM | |
| Topical term or geographic name as entry element | হিসাববিজ্ঞান |
| 9 (RLIN) | 184342 |
| Topical term or geographic name as entry element | Accounting |
| 9 (RLIN) | 175106 |
| 942 ## - ADDED ENTRY ELEMENTS (KOHA) | |
| Source of classification or shelving scheme | Dewey Decimal Classification |
| Koha item type | Books |
| Lost status | Source of classification or shelving scheme | Damaged status | Not for loan | Collection code | Permanent Location | Current Location | Shelving location | Date acquired | Source of acquisition | Cost, normal purchase price | Total Checkouts | Full call number | Date last seen | Copy number | Koha item type |
|---|---|---|---|---|---|---|---|---|---|---|---|---|---|---|---|
| Dewey Decimal Classification | Not For Loan | Non-fiction | Central Library, University of Rajshahi | Central Library, University of Rajshahi | Reading Room | 17/08/1982 | Aligorh Library, R.U. | 180.00 | B 657 BHH V-1 1982 | 08/03/2017 | C-1 | Books | |||
| Dewey Decimal Classification | Not For Loan | Non-fiction | Central Library, University of Rajshahi | Central Library, University of Rajshahi | Reading Room | 09/12/2021 | Aligorh Library, R.U. | 120.00 | B 657 BHH V-2 1982 | 02/05/2017 | C-1 | Books | |||
| Dewey Decimal Classification | Non-fiction | Central Library, University of Rajshahi | Central Library, University of Rajshahi | 24/07/1983 | Aligrah library , Rajshahi | 120.00 | B 657 BHH V-2 1982 | 19/03/2018 | C-2 | Books | |||||
| Dewey Decimal Classification | Not For Loan | Non-fiction | Central Library, University of Rajshahi | Central Library, University of Rajshahi | 25/07/1983 | Aligarh library, Rajshahi | 195.00 | B 657 BHH 1982 V-1-2 | 28/12/2020 | C-1 | Books |